[Event "5th Pontevedra Open 2017"]
[Site "Pontevedra"]
[Date "2017.08.08"]
[Round "1"]
[White "Burmakin, Vladimir"]
[Black "Martinez Fernandez, Adrian"]
[Result "1-0"]
[WhiteElo "2520"]
[BlackElo "2081"]

[EventDate "2017.??.??"]
[PlyCount "71"]
[EventCountry "ESP"]

1. d4 Nf6 2. g3 d5 3. Nf3 e6 4. Bg2 Be7 5. c4 dxc4 6. Qa4+ Nbd7 7. Qxc4 O-O
8. O-O c5 9. Qc2 cxd4 10. Nxd4 Bc5 11. Nb3 Bb6 12. Nc3 Nc5 13. Bg5 Nxb3 14.
Qxb3 h6 15. Rad1 Qe7 16. Bxf6 Qxf6 17. Na4 e5 18. Nxb6 Qxb6 19. Qxb6 axb6
20. a3 Be6 21. Bxb7 Rad8 22. Ba6 f5 23. f3 Bb3 24. Rd3 Bc2 25. Rc3 Rd2 26.
Rc1 Ba4 27. b3 Be8 28. Re3 e4 29. fxe4 f4 30. gxf4 Rxf4 31. Rc8 Rg4+ 32.
Kf2 Kf7 33. Rb8 Rg6 34. Rb7+ Kg8 35. Bc4+ Kh7 36. Rb8 1-0

[Event "5th Pontevedra Open 2017"]
[Site "Pontevedra"]
[Date "2017.08.08"]
[Round "1"]
[White "Strikovic, Aleksa"]
[Black "Cinza Lopez, Javier"]
[Result "0-1"]
[WhiteElo "2500"]
[BlackElo "2048"]

[EventDate "2017.??.??"]
[PlyCount "122"]
[EventCountry "ESP"]

1. Nf3 d5 2. g3 Nf6 3. Bg2 c6 4. O-O Bf5 5. d3 Nbd7 6. Nbd2 e5 7. Re1 Bc5
8. e4 dxe4 9. dxe4 Bg6 10. Nh4 Bh5 11. Bf3 Bg6 12. Nc4 Qc7 13. Bd2 O-O 14.
b4 Be7 15. a4 Rfd8 16. Qe2 Bf8 17. c3 a6 18. a5 c5 19. Rec1 Rac8 20. Nxg6
hxg6 21. Be3 Qb8 22. Rcb1 cxb4 23. cxb4 Rc6 24. b5 axb5 25. Rxb5 Qc7 26.
Nb6 Rc2 27. Qe1 Nc5 28. Nd5 Nxd5 29. exd5 e4 30. Qd1 Rc3 31. Be2 Nd3 32.
Bd4 Qc4 33. Qa4 Rc1+ 34. Bf1 Rxf1+ 35. Kxf1 Nb4+ 36. Kg1 Qxd4 37. Rd1 Qc3
38. Qa1 Qf3 39. Qd4 Nd3 40. Rf1 Rc8 41. Qe3 Qf5 42. Qe2 Qd7 43. Rfb1 Bc5
44. Qxe4 Nxf2 45. Qf3 Ne4+ 46. Kg2 Nd2 47. Rxb7 Qxb7 48. Rxb7 Nxf3 49. Kxf3
Ra8 50. Rb5 Bd6 51. Ke4 Kf8 52. Kd4 Ke8 53. Kc4 Kd7 54. Kb3 Rb8 55. Ka4 g5
56. a6 Kc7 57. Rxb8 Kxb8 58. Kb5 f5 59. Kc6 Be5 60. Kd7 f4 61. Ke6 Bc7 0-1

[Event "5th Pontevedra Open 2017"]
[Site "Pontevedra"]
[Date "2017.08.08"]
[Round "1"]
[White "Oratovsky, Michael"]
[Black "Estefano Rivola, Fernando"]
[Result "1-0"]
[WhiteElo "2494"]
[BlackElo "2041"]

[EventDate "2017.??.??"]
[PlyCount "47"]
[EventCountry "ESP"]

1. e4 c5 2. Nf3 e6 3. g3 Nf6 4. Bg2 d6 5. O-O Nc6 6. Re1 Be7 7. d4 cxd4 8.
Nxd4 Bd7 9. c4 O-O 10. Nc3 a6 11. Nxc6 Bxc6 12. a4 Qc7 13. a5 b6 14. axb6
Qxb6 15. Nd5 Bxd5 16. exd5 e5 17. Qc2 Rac8 18. Be3 Qb5 19. Rec1 Ng4 20. Bd2
Qb6 21. Ba5 Qd4 22. h3 Nh6 23. Bd2 f5 24. Be3 1-0

[Event "5th Pontevedra Open 2017"]
[Site "Pontevedra"]
[Date "2017.08.08"]
[Round "1"]
[White "Firat, Burak"]
[Black "Leira Patricio, Julio"]
[Result "1-0"]
[WhiteElo "2482"]
[BlackElo "2035"]

[EventDate "2017.??.??"]
[PlyCount "75"]
[EventCountry "ESP"]

1. Nf3 Nf6 2. g3 g6 3. Bg2 Bg7 4. d4 O-O 5. O-O d6 6. a4 Nc6 7. a5 Rb8 8.
d5 Nb4 9. c3 Na6 10. c4 e5 11. Nc3 c5 12. Ne1 Nb4 13. Bd2 b6 14. Nb5 a6 15.
Na7 Qc7 16. Nxc8 Rfxc8 17. axb6 Rxb6 18. Bc3 Rcb8 19. e4 Qc8 20. Qe2 Ne8
21. Nf3 R6b7 22. Kh1 Bf6 23. Ng1 Bd8 24. Bh3 Qc7 25. f4 Bf6 26. Nf3 a5 27.
fxe5 dxe5 28. Rf2 Bg7 29. b3 h6 30. Qe3 f6 31. Be6+ Kh7 32. h4 Ra7 33. g4
Qe7 34. g5 Nc7 35. Bh3 fxg5 36. hxg5 Rf8 37. Bg4 Ncxd5 38. cxd5 1-0

[Event "5th Pontevedra Open 2017"]
[Site "Pontevedra"]
[Date "2017.08.08"]
[Round "1"]
[White "Porto Fuentes, Oscar"]
[Black "Yuffa, Daniil"]
[Result "0-1"]
[WhiteElo "2066"]
[BlackElo "2515"]

[EventDate "2017.??.??"]
[PlyCount "86"]
[EventCountry "ESP"]

1. d4 Nf6 2. Nf3 e6 3. e3 b6 4. Bd3 Bb7 5. O-O c5 6. Nbd2 Nc6 7. b3 Rc8 8.
c4 cxd4 9. Nxd4 Nxd4 10. exd4 d5 11. Nf3 dxc4 12. Bxc4 Be7 13. Bb5+ Bc6 14.
Bxc6+ Rxc6 15. Bf4 O-O 16. Rc1 Qd5 17. Rxc6 Qxc6 18. Qc1 Qb7 19. Qb1 Nd5
20. Be5 Rc8 21. a4 Qa6 22. h3 Nc3 23. Qa1 Bb4 24. Kh2 f6 25. Bg3 Ne2 26.
Rd1 Qb7 27. Qb2 Qe4 28. Qb1 Nxg3 29. fxg3 Qxb1 30. Rxb1 Bd6 31. Re1 Kf7 32.
Re3 Ke7 33. Rd3 Rc1 34. Ng1 e5 35. dxe5 fxe5 36. Ne2 Re1 37. Nc3 Ke6 38.
Nb5 Bc5 39. g4 e4 40. Rd8 g5 41. Kg3 Bg1 42. Nd4+ Ke7 43. Nc2 Rb1 0-1

[Event "5th Pontevedra Open 2017"]
[Site "Pontevedra"]
[Date "2017.08.08"]
[Round "1"]
[White "Vicient Calvo, Ramon"]
[Black "Petkov, Vladimir"]
[Result "0-1"]
[WhiteElo "2048"]
[BlackElo "2498"]

[EventDate "2017.??.??"]
[PlyCount "52"]
[EventCountry "ESP"]

1. d4 Nf6 2. Bg5 g6 3. Bxf6 exf6 4. e3 Bg7 5. c4 f5 6. Nc3 O-O 7. g3 d6 8.
Nge2 Nd7 9. Bg2 c6 10. O-O Re8 11. b4 Nf6 12. Nf4 Ne4 13. Qd3 Qe7 14. Rab1
a6 15. a4 Bd7 16. Rfc1 g5 17. Nfe2 h5 18. b5 axb5 19. axb5 h4 20. bxc6 Bxc6
21. d5 Nc5 22. Qxf5 Bd7 23. Qc2 h3 24. Bh1 Ra3 25. Nb5 Bxb5 26. Rxb5 Rxe3
0-1

[Event "5th Pontevedra Open 2017"]
[Site "Pontevedra"]
[Date "2017.08.08"]
[Round "1"]
[White "Lopez de Turiso, Jose Angel"]
[Black "Pap, Misa"]
[Result "0-1"]
[WhiteElo "2035"]
[BlackElo "2491"]

[EventDate "2017.??.??"]
[PlyCount "88"]
[EventCountry "ESP"]

1. c4 e5 2. Nc3 Nf6 3. Nf3 Nc6 4. e3 d6 5. d4 Be7 6. d5 Nb8 7. e4 O-O 8.
Be2 Na6 9. O-O Nc5 10. Qc2 a5 11. Be3 b6 12. Nd2 Ne8 13. a3 f5 14. f3 a4
15. Bxc5 bxc5 16. exf5 Bg5 17. Nd1 Bxf5 18. Bd3 Bxd3 19. Qxd3 Bxd2 20. Qxd2
Qh4 21. Rc1 Qd4+ 22. Qf2 Rb8 23. Re1 Nf6 24. Rc2 Rb3 25. Kh1 Nd7 26. Qe2
Nb6 27. Nf2 Qh4 28. Ne4 Nd7 29. Nc3 Rf6 30. Nxa4 Rh6 31. h3 Rxf3 32. Qxf3
Qxe1+ 33. Kh2 Rf6 34. Qe2 Qa1 35. Nc3 Rf1 36. Nb5 Rh1+ 37. Kg3 Nf6 38. Rc3
Re1 39. Qc2 Ne4+ 40. Kh4 Rf1 41. Re3 Rf4+ 42. g4 g5+ 43. Kh5 Qf1 44. Rxe4
Qxh3+ 0-1

[Event "5th Pontevedra Open 2017"]
[Site "Pontevedra"]
[Date "2017.08.08"]
[Round "1"]
[White "Lopez de Turiso, Jose Angel"]
[Black "Pap, Misa"]
[Result "*"]
[WhiteElo "2035"]
[BlackElo "2491"]

[EventDate "2017.??.??"]
[PlyCount "26"]
[EventCountry "ESP"]

1. c4 e5 2. Nc3 Nf6 3. Nf3 Nc6 4. e3 d6 5. d4 Be7 6. h3 O-O 7. d5 Nb8 8. g4
a5 9. e4 Na6 10. Be3 b6 11. Be2 Kh8 12. Qc2 Ng8 13. O-O-O g6 *

[Event "5th Pontevedra Open 2017"]
[Site "Pontevedra"]
[Date "2017.08.08"]
[Round "1"]
[White "Fernandez Lopez, Ruben"]
[Black "Pena Gomez, Manuel"]
[Result "0-1"]
[WhiteElo "2030"]
[BlackElo "2468"]

[EventDate "2017.??.??"]
[PlyCount "66"]
[EventCountry "ESP"]

1. e4 c5 2. Nc3 e6 3. Nf3 Nc6 4. d4 cxd4 5. Nxd4 Qc7 6. Nde2 Nf6 7. g3 b5
8. a3 Rb8 9. Bg2 Be7 10. O-O O-O 11. h3 a5 12. Bf4 d6 13. Qd3 Ba6 14. a4
Nb4 15. Qd2 bxa4 16. Rfd1 Nd7 17. Bxd6 Bxd6 18. Qxd6 Qxd6 19. Rxd6 Nb6 20.
Nd4 Nc4 21. Rd7 Rfd8 22. Rxd8+ Rxd8 23. Nf3 Nxb2 24. Nxa4 Nxc2 25. Ra2 Nxa4
26. Rxa4 Rd1+ 27. Kh2 Ra1 28. Rxa1 Nxa1 29. Nd4 a4 30. e5 a3 31. Be4 a2 32.
Bc2 Bc4 33. Kg2 Nb3 0-1

[Event "5th Pontevedra Open 2017"]
[Site "Pontevedra"]
[Date "2017.08.09"]
[Round "2"]
[White "Yuffa, Daniil"]
[Black "Rodriguez Lopez, Rafael"]
[Result "1/2-1/2"]
[WhiteElo "2515"]
[BlackElo "2303"]

[EventDate "2017.??.??"]
[PlyCount "119"]
[EventCountry "ESP"]

1. d4 Nf6 2. c4 e6 3. g3 d5 4. Nf3 dxc4 5. Bg2 a6 6. O-O Nc6 7. Bg5 Be7 8.
e3 Nd5 9. Bxe7 Ncxe7 10. Nfd2 b5 11. b3 cxb3 12. Nxb3 c6 13. N1d2 a5 14.
Rc1 O-O 15. Rc5 a4 16. Nc1 Ba6 17. Re1 Qb6 18. Nd3 Rfd8 19. Qh5 Nf6 20. Qh4
b4 21. Ne5 Rac8 22. Rb1 Ng6 23. Nxg6 hxg6 24. Nc4 Bxc4 25. Rxc4 c5 26. dxc5
Rxc5 27. Rbxb4 Qa5 28. Bf3 g5 29. Rxc5 Qxc5 30. Qc4 Qf5 31. Be4 Nxe4 32.
Qxe4 Qxe4 33. Rxe4 a3 34. Ra4 Rd3 35. Kf1 Rc3 36. Ke1 Rc2 37. Rxa3 g4 38.
Ra4 f5 39. Ra8+ Kf7 40. a4 Ra2 41. a5 Kf6 42. a6 Ke5 43. Kf1 Ra1+ 44. Kg2
Ra2 45. a7 g5 46. h4 gxh3+ 47. Kxh3 g4+ 48. Kh4 Ra1 49. Kg5 Ra2 50. Kg6 Ra6
51. Kh5 Ra1 52. Kg5 Ra2 53. Kh5 Ra4 54. Kh4 Ra1 55. Kg5 Ra2 56. Kg6 Ra6 57.
Kf7 Ra2 58. Kg7 Ra1 59. Kh6 Ra2 60. Kg6 1/2-1/2

[Event "5th Pontevedra Open 2017"]
[Site "Pontevedra"]
[Date "2017.08.09"]
[Round "2"]
[White "Petkov, Vladimir"]
[Black "Calzetta Ruiz, Monica"]
[Result "1/2-1/2"]
[WhiteElo "2498"]
[BlackElo "2288"]

[EventDate "2017.??.??"]
[PlyCount "106"]
[EventCountry "ESP"]

1. Nf3 c5 2. g3 Nc6 3. c3 e5 4. e4 Nf6 5. Qe2 Be7 6. Bg2 O-O 7. O-O Re8 8.
Na3 Bf8 9. d3 h6 10. Nc4 b5 11. Ne3 b4 12. Nd2 bxc3 13. bxc3 Rb8 14. Nd5
Ba6 15. Nb3 c4 16. dxc4 Nxd5 17. exd5 Na5 18. Nxa5 Qxa5 19. Qg4 Qxc3 20.
Be3 Qxc4 21. Qxd7 Red8 22. Qxa7 Rb7 23. Rfc1 Qa4 24. Rc7 Rxa7 25. Rxa7 Qa3
26. Rc1 Qxa2 27. h4 Qe2 28. Bf1 Qg4 29. Rxa6 Rxd5 30. Ra8 Qb4 31. Bc4 Ra5
32. Rc8 g5 33. hxg5 hxg5 34. Bxg5 Rc5 35. Be7 Qd2 36. Rxf8+ Kg7 37. Rxf7+
Kg6 38. Rf6+ Kg7 39. Rf7+ Kg6 40. Rf6+ Kg7 41. Rf7+ Kg6 42. Bd3+ Kxf7 43.
Rxc5 Qe1+ 44. Bf1 Kxe7 45. Rc2 Kf6 46. Re2 Qb1 47. Re3 Qd1 48. Kg2 Qd5+ 49.
Rf3+ Kg5 50. Be2 Qe4 51. Bd3 Qd5 52. Be2 Qe4 53. Bd3 Qf4 1/2-1/2

[Event "5th Pontevedra Open 2017"]
[Site "Pontevedra"]
[Date "2017.08.09"]
[Round "2"]
[White "Pap, Misa"]
[Black "Garcia Carbo, Marcial"]
[Result "1-0"]
[WhiteElo "2491"]
[BlackElo "2268"]

[EventDate "2017.??.??"]
[PlyCount "77"]
[EventCountry "ESP"]

1. e4 e6 2. d4 d5 3. Nd2 c5 4. c3 Nf6 5. e5 Nfd7 6. f4 Nc6 7. Ndf3 Qb6 8.
a3 a5 9. b3 Qc7 10. Be3 cxd4 11. cxd4 Nb6 12. a4 Bd7 13. Kf2 Rc8 14. Rc1
Ba3 15. Rc2 Qd8 16. Ne2 O-O 17. h4 Qe7 18. Ra2 Rc7 19. g4 Rfc8 20. Qb1 Bb4
21. Ng5 f5 22. gxf5 exf5 23. Ng3 Bc3 24. Nxf5 Bxf5 25. Qxf5 g6 26. Qe6+
Qxe6 27. Nxe6 Re7 28. Bh3 Nb4 29. Re2 Nd3+ 30. Kg3 h6 31. Rd1 Nb2 32. Rb1
Rce8 33. Nc5 Nc8 34. Rc1 Bb4 35. Nd7 Nd6 36. Nf6+ Kf7 37. Nxe8 Ne4+ 38. Kf3
Nd3 39. Rd1 1-0

[Event "5th Pontevedra Open 2017"]
[Site "Pontevedra"]
[Date "2017.08.09"]
[Round "2"]
[White "Pena Gomez, Manuel"]
[Black "Garcia Sobrino, David"]
[Result "1-0"]
[WhiteElo "2468"]
[BlackElo "2241"]

[EventDate "2017.??.??"]
[PlyCount "75"]
[EventCountry "ESP"]

1. c4 c5 2. Nf3 Nc6 3. d4 cxd4 4. Nxd4 Nf6 5. Nc3 e6 6. a3 Be7 7. e4 Qc7 8.
Be2 b6 9. f4 Nxd4 10. Qxd4 Bb7 11. Nb5 Qb8 12. Bf3 O-O 13. Qd3 d5 14. cxd5
exd5 15. e5 Ne4 16. O-O Bc5+ 17. Be3 a5 18. Rfe1 Rd8 19. Bxc5 bxc5 20. Bxe4
dxe4 21. Qc2 Ba6 22. Nd6 Bd3 23. Qxc5 Qxb2 24. Rad1 a4 25. Qc7 Rf8 26. Nf5
Rab8 27. Qe7 h6 28. Qh4 Rb6 29. Qg3 Rg6 30. Ne7+ Kh7 31. Nxg6 fxg6 32. Re3
Rc8 33. h4 Rc3 34. h5 gxh5 35. f5 Qb6 36. Kh2 h4 37. Qf4 Rc2 38. f6 1-0

[Event "5th Pontevedra Open 2017"]
[Site "Pontevedra"]
[Date "2017.08.09"]
[Round "2"]
[White "Ambartsumova, Karina"]
[Black "Burmakin, Vladimir"]
[Result "1/2-1/2"]
[WhiteElo "2325"]
[BlackElo "2520"]

[EventDate "2017.??.??"]
[PlyCount "75"]
[EventCountry "ESP"]

1. e4 c6 2. d4 d5 3. exd5 cxd5 4. Bd3 Nc6 5. c3 g6 6. Bf4 Bg7 7. Nf3 Nf6 8.
Nbd2 Nh5 9. Be3 Qd6 10. O-O O-O 11. Re1 b6 12. a4 Bb7 13. Nb3 a5 14. Nbd2
Nf4 15. Bb5 Ne6 16. Nf1 Ba6 17. Bxa6 Rxa6 18. Qd3 Ra7 19. N1d2 Rb7 20. Nb1
Na7 21. Na3 Qd7 22. Qc2 Rc8 23. Ra2 Nc7 24. Bf4 Ne8 25. Ne5 Qf5 26. Qxf5
gxf5 27. Nd3 e6 28. h3 Nf6 29. f3 h5 30. Kf2 Kh7 31. Rh1 Kg8 32. Raa1 Kf8
33. h4 Ke7 34. Rae1 Nd7 35. Bg5+ Kd6 36. Bf4+ Ke7 37. Bg5+ Kd6 38. Bf4+
1/2-1/2

[Event "5th Pontevedra Open 2017"]
[Site "Pontevedra"]
[Date "2017.08.09"]
[Round "2"]
[White "Cabezas Ayala, Ivan"]
[Black "Oratovsky, Michael"]
[Result "0-1"]
[WhiteElo "2300"]
[BlackElo "2494"]

[EventDate "2017.??.??"]
[PlyCount "106"]
[EventCountry "ESP"]

1. e4 c5 2. Nf3 e6 3. d4 cxd4 4. Nxd4 a6 5. Nc3 b5 6. Bd3 d6 7. O-O Nf6 8.
a4 b4 9. Na2 e5 10. Nf3 Nc6 11. c3 bxc3 12. Nxc3 Be7 13. Bc4 O-O 14. Bg5
Be6 15. Bxe6 fxe6 16. Qb3 Qc8 17. Rac1 Rb8 18. Qd1 Qd7 19. Qd3 Nb4 20. Qd2
Qe8 21. Bxf6 Rxf6 22. Ne1 Qh5 23. Qd1 Qxd1 24. Rxd1 Rff8 25. Nf3 Nc6 26.
Rd2 Rb4 27. Ne1 Rfb8 28. Nd3 Rd4 29. Rfd1 Bg5 30. Rc2 Rc4 31. Re2 Nd4 32.
Ree1 Rb3 33. Kf1 Nc2 34. Re2 Nd4 35. Ree1 Bd8 36. f4 exf4 37. Nxf4 Rxb2 38.
Nce2 Ba5 39. Rb1 Rxb1 40. Rxb1 Nxe2 41. Kxe2 Rxe4+ 42. Kf3 d5 43. Rb7 Bd2
44. Nh5 Bc3 45. a5 Bd4 46. Rb8+ Kf7 47. Ra8 g6 48. Ng3 Re3+ 49. Kg4 h5+ 50.
Kg5 Re5+ 51. Kh4 Bf2 52. Rxa6 Re4+ 53. Kh3 g5 0-1

[Event "5th Pontevedra Open 2017"]
[Site "Pontevedra"]
[Date "2017.08.09"]
[Round "2"]
[White "Garcia Trobat, Francisco"]
[Black "Firat, Burak"]
[Result "0-1"]
[WhiteElo "2282"]
[BlackElo "2482"]

[EventDate "2017.??.??"]
[PlyCount "84"]
[EventCountry "ESP"]

1. d4 Nf6 2. Bf4 d5 3. e3 g6 4. Nc3 Bg7 5. h4 c6 6. Qd2 b5 7. Nf3 h5 8. Be2
Ng4 9. Ne5 Nxe5 10. Bxe5 Bxe5 11. dxe5 Nd7 12. O-O-O Nb6 13. e4 b4 14. Nb1
a5 15. exd5 cxd5 16. Bb5+ Kf8 17. Qd4 Bf5 18. e6 f6 19. Bd3 Bxe6 20. Bxg6
Qd6 21. Rhe1 Rc8 22. Nd2 Rg8 23. Qd3 Bd7 24. Kb1 Qf4 25. g3 Qg4 26. Bh7 Rg7
27. Qe3 Na4 28. f3 Qxg3 29. Qh6 f5 30. Qxh5 Qf4 31. Bg6 Rc6 32. Nc4 Rcxg6
33. Ne5 Be8 34. Nd3 Qd6 35. Qh8+ Rg8 36. Qd4 Bf7 37. Re5 e6 38. h5 Rh6 39.
Nf4 Qb6 40. Ng6+ Bxg6 41. Qf4 Rxh5 42. Rxe6 Qxe6 0-1

[Event "5th Pontevedra Open 2017"]
[Site "Pontevedra"]
[Date "2017.08.09"]
[Round "2"]
[White "Padeiro, Jose"]
[Black "Huerga Leache, Mikel"]
[Result "1-0"]
[WhiteElo "2255"]
[BlackElo "2446"]

[EventDate "2017.??.??"]
[PlyCount "65"]
[EventCountry "ESP"]

1. d4 Nf6 2. c4 g6 3. Nc3 d5 4. Bf4 Bg7 5. Rc1 O-O 6. Nf3 dxc4 7. e3 Be6 8.
Ng5 Bd5 9. e4 h6 10. exd5 hxg5 11. Bxg5 Nxd5 12. Bxc4 Nb6 13. Bb3 Qxd4 14.
Qxd4 Bxd4 15. Nb5 Bxb2 16. Rc2 Be5 17. Nxc7 Bxc7 18. Rxc7 N8d7 19. Rxb7 e6
20. Rc7 a5 21. Be3 Rfc8 22. Rxc8+ Rxc8 23. O-O a4 24. Bd1 Rc3 25. Bf3 Nc4
26. Rc1 Rxc1+ 27. Bxc1 Kg7 28. Bc6 Ndb6 29. Kf1 Kf6 30. Ke2 Ke7 31. h4 Kd6
32. Be8 Ke7 33. Bb5 1-0

[Event "5th Pontevedra Open 2017"]
[Site "Pontevedra"]
[Date "2017.08.09"]
[Round "2"]
[White "Padeiro, Jose"]
[Black "Huerga Leache, Mikel"]
[Result "*"]
[WhiteElo "2255"]
[BlackElo "2446"]

[EventDate "2017.??.??"]
[PlyCount "37"]
[EventCountry "ESP"]

1. d4 Nf6 2. c4 g6 3. Nc3 d5 4. Bf4 Bg7 5. Rc1 O-O 6. Nf3 dxc4 7. e3 Be6 8.
Ng5 Bd5 9. e4 h6 10. exd5 hxg5 11. Bxg5 Nxd5 12. Bxc4 Nb6 13. Bb3 Qxd4 14.
Qxd4 Bxd4 15. Nb5 Bxb2 16. Rxc7 Nc6 17. Rxb7 Rab8 18. Rxb8 Rxb8 19. O-O *

[Event "5th Pontevedra Open 2017"]
[Site "Pontevedra"]
[Date "2017.08.10"]
[Round "3"]
[White "Oratovsky, Michael"]
[Black "Recuna Aranda, Miguel"]
[Result "1-0"]
[WhiteElo "2494"]
[BlackElo "1741"]

[EventDate "2017.??.??"]
[PlyCount "69"]
[EventCountry "ESP"]

1. e4 e5 2. Bc4 Nf6 3. d3 Bc5 4. Nf3 d6 5. c3 Nc6 6. Nbd2 O-O 7. h3 Bb6 8.
Bb3 a6 9. Nf1 Ne7 10. Ng3 Ng6 11. O-O h6 12. d4 Re8 13. Re1 Bd7 14. Be3
exd4 15. Bxd4 Bxd4 16. cxd4 Bc6 17. d5 Bb5 18. Nd4 Ne5 19. f4 Ng6 20. Qf3
c6 21. dxc6 Bxc6 22. Nxc6 bxc6 23. Rad1 d5 24. Kh2 Qa5 25. e5 Nd7 26. Nh5
Rac8 27. Qg3 Qb4 28. e6 Ndf8 29. exf7+ Kxf7 30. f5 Qb8 31. fxg6+ Nxg6 32.
Bc2 Qxg3+ 33. Nxg3 Rb8 34. Rxe8 Rxe8 35. Rf1+ 1-0

[Event "5th Pontevedra Open 2017"]
[Site "Pontevedra"]
[Date "2017.08.10"]
[Round "3"]
[White "Firat, Burak"]
[Black "Bouzas Bello, Rafael"]
[Result "1-0"]
[WhiteElo "2482"]
[BlackElo "1621"]

[EventDate "2017.??.??"]
[PlyCount "55"]
[EventCountry "ESP"]

1. Nf3 d5 2. g3 Nf6 3. Bg2 c5 4. O-O Nc6 5. d4 e6 6. c4 Be7 7. cxd5 Nxd5 8.
dxc5 Bxc5 9. Qc2 Bb6 10. Na3 O-O 11. Nc4 Nd4 12. Nxd4 Bxd4 13. e3 Bf6 14.
Bd2 Bd7 15. Rac1 Rc8 16. Qb3 Bc6 17. Rfd1 b6 18. e4 Ne7 19. Bf4 Qe8 20. Nd6
Qd7 21. Nxc8 Qxc8 22. e5 Bxe5 23. Bxe5 Qb7 24. Bxc6 Nxc6 25. Bxg7 Kxg7 26.
Qc3+ Kg8 27. Qxc6 Qb8 28. Qc7 1-0

[Event "5th Pontevedra Open 2017"]
[Site "Pontevedra"]
[Date "2017.08.10"]
[Round "3"]
[White "Estremera Panos, Sergio"]
[Black "Avelino, Camila Biscaya"]
[Result "1-0"]
[WhiteElo "2362"]
[BlackElo "1615"]

[EventDate "2017.??.??"]
[PlyCount "43"]
[EventCountry "ESP"]

1. d4 d5 2. c4 Nf6 3. Nf3 e6 4. Nc3 Be7 5. Bg5 O-O 6. e3 c6 7. Qc2 Nbd7 8.
Rd1 Re8 9. a3 Qa5 10. Bd3 dxc4 11. Bxc4 h6 12. Bxf6 Nxf6 13. O-O Bd6 14. e4
e5 15. Qb3 Qc7 16. dxe5 Bxe5 17. Nxe5 Rxe5 18. f4 Rh5 19. Bxf7+ Qxf7 20.
Rd8+ Kh7 21. Qxf7 Be6 22. Qxe6 1-0

[Event "5th Pontevedra Open 2017"]
[Site "Pontevedra"]
[Date "2017.08.10"]
[Round "3"]
[White "Sanchez Aller, Fernando"]
[Black "Iglesias Gonzalez, Sabela"]
[Result "1-0"]
[WhiteElo "2337"]
[BlackElo "1591"]

[EventDate "2017.??.??"]
[PlyCount "37"]
[EventCountry "ESP"]

1. d4 Nf6 2. c4 g6 3. Nc3 Bg7 4. e4 d6 5. Nf3 O-O 6. Be2 Nbd7 7. O-O e5 8.
Re1 Re8 9. Bf1 exd4 10. Nxd4 Nc5 11. f3 Nfd7 12. Be3 a6 13. Qd2 Ne6 14.
Rad1 Qh4 15. Nxe6 fxe6 16. Bg5 Qh5 17. g4 Bd4+ 18. Kg2 Bxc3 19. bxc3 1-0

[Event "5th Pontevedra Open 2017"]
[Site "Pontevedra"]
[Date "2017.08.10"]
[Round "3"]
[White "Juarros Ruiz, Victor"]
[Black "Pap, Misa"]
[Result "0-1"]
[WhiteElo "1708"]
[BlackElo "2491"]

[EventDate "2017.??.??"]
[PlyCount "60"]
[EventCountry "ESP"]

1. e4 e5 2. Nc3 Nf6 3. Bc4 c6 4. d4 Bb4 5. dxe5 Nxe4 6. Bxf7+ Kxf7 7. Qf3+
Nf6 8. exf6 Qxf6 9. Qxf6+ gxf6 10. Bd2 d5 11. Nge2 Rg8 12. Rg1 Nd7 13.
O-O-O Ne5 14. Bf4 Bc5 15. Nd4 Bxd4 16. Rxd4 Nf3 17. Rdd1 Nxg1 18. Rxg1 Bf5
19. f3 Rae8 20. Kd2 d4 21. Ne2 c5 22. Ng3 Bg6 23. Bh6 Re6 24. h4 Bxc2 25.
Bf4 Ba4 26. Ne4 b6 27. b3 Bc6 28. Nd6+ Ke7 29. Nf5+ Kd7 30. Bg3 Bb5 0-1

[Event "5th Pontevedra Open 2017"]
[Site "Pontevedra"]
[Date "2017.08.10"]
[Round "3"]
[White "Creo Abeijon, Diego"]
[Black "Lillo Castany, Victor"]
[Result "0-1"]
[WhiteElo "1616"]
[BlackElo "2382"]

[EventDate "2017.??.??"]
[PlyCount "90"]
[EventCountry "ESP"]

1. e4 e5 2. Nf3 Nc6 3. Bb5 a6 4. Ba4 Nf6 5. O-O b5 6. Bb3 Bc5 7. c3 d6 8.
d4 Bb6 9. dxe5 Nxe5 10. Nxe5 dxe5 11. Qxd8+ Kxd8 12. Bxf7 Rf8 13. Bd5 Nxd5
14. exd5 Bb7 15. c4 bxc4 16. Nc3 Bd4 17. Bg5+ Kd7 18. Rad1 Kd6 19. Be3 Kc5
20. Rd2 Bxe3 21. fxe3 Rxf1+ 22. Kxf1 Rd8 23. e4 c6 24. d6 Bc8 25. Ke2 Be6
26. Ke3 Kb6 27. Na4+ Kb5 28. Nc3+ Ka5 29. a3 c5 30. Nd5 Rxd6 31. Nc7 Rc6
32. Nxe6 Rxe6 33. Rd7 Rb6 34. Rd5 Rxb2 35. Rxc5+ Ka4 36. Rxc4+ Kxa3 37. Rc5
Rxg2 38. Rxe5 Kb4 39. Rd5 Rxh2 40. e5 Rh6 41. Rd6 Kc5 42. Rxh6 gxh6 43. Ke4
Kc6 44. e6 Kd6 45. Kf5 Ke7 0-1

[Event "5th Pontevedra Open 2017"]
[Site "Pontevedra"]
[Date "2017.08.10"]
[Round "3"]
[White "Martinez Montes, Juan Manuel"]
[Black "Silva, Luis Neves Da"]
[Result "0-1"]
[WhiteElo "1588"]
[BlackElo "2354"]

[EventDate "2017.??.??"]
[PlyCount "66"]
[EventCountry "ESP"]

1. e4 c5 2. Nc3 a6 3. Nge2 e6 4. g3 b5 5. a3 Bb7 6. Bg2 Nf6 7. d3 d5 8.
exd5 Nxd5 9. Nxd5 Bxd5 10. Bxd5 Qxd5 11. O-O Nd7 12. d4 Qb7 13. Re1 Be7 14.
Be3 O-O 15. c3 Rfd8 16. Qc2 c4 17. Rad1 Nb6 18. Rd2 h5 19. Red1 h4 20. gxh4
Bxh4 21. Ng3 f5 22. Re2 Nd5 23. Bc1 Qc6 24. Rde1 Re8 25. Nh5 g5 26. Re5 Kf7
27. Qe2 g4 28. Nf4 Bf6 29. Nxd5 Bxe5 30. Nb4 Bxh2+ 31. Kxh2 Rh8+ 32. Kg3
Rh3+ 33. Kf4 Rf3+ 0-1

[Event "5th Pontevedra Open 2017"]
[Site "Pontevedra"]
[Date "2017.08.10"]
[Round "3"]
[White "Fernandez Rozas, Javier"]
[Black "Padeiro, Jose"]
[Result "0-1"]
[WhiteElo "1560"]
[BlackElo "2255"]

[EventDate "2017.??.??"]
[PlyCount "74"]
[EventCountry "ESP"]

1. e4 c6 2. Nc3 d5 3. Nf3 Nf6 4. e5 Ne4 5. d4 Nxc3 6. bxc3 Bg4 7. h3 Bxf3
8. Qxf3 e6 9. Rb1 b5 10. Be2 Be7 11. Qg3 g6 12. Bh6 Nd7 13. O-O Qa5 14. Rb2
Nb6 15. Bg7 Rg8 16. Bf6 Nc8 17. Qh4 h5 18. Qg3 Qc7 19. Qg5 Bxf6 20. Qxf6
Qe7 21. Qxe7+ Kxe7 22. a4 Nb6 23. Ra1 a6 24. a5 Na4 25. Rb3 Rgc8 26. c4
dxc4 27. Bxc4 Rd8 28. c3 c5 29. Be2 cxd4 30. cxd4 Rxd4 31. Rc1 Ra7 32. g3
Re4 33. Re3 Rxe3 34. fxe3 b4 35. Bf3 b3 36. Rb1 b2 37. Bc6 Rc7 0-1